[Event "Mercredi 2014.09.03 ABCDE"]
[Site "Montreal CAN"]
[Date "2014.10.29"]
[Round "5"]
[White "Lalonde, Paul"]
[Black "Fortin-Lavoie, Patrice"]
[Result "1-0"]
[WhiteElo "1815"]
[BlackElo "1854"]
[PlyCount "51"]
[EventDate "2014.09.03"]
[EventType "tourn"]
[EventRounds "5"]
[EventCountry "CAN"]

1. e4 e5 2. Nf3 Nc6 3. d4 exd4 4. Nxd4 Bc5 5. Be3 Ne5 6. Nc3 Nf6 7. Be2 d6 8.
O-O O-O 9. h3 Bb6 10. Qd2 Be6 11. Nxe6 fxe6 12. f4 Ng6 13. Bxb6 axb6 14. Bc4
Re8 15. f5 Ne5 16. Bxe6+ Rxe6 17. fxe6 Qe8 18. Nd5 Nxe4 19. Qd4 Ng3 20. Nxc7
Qc6 21. Nxa8 Ne2+ 22. Kh2 Nxd4 23. e7 Ne6 24. Nc7 Nf7 25. e8=Q+ Qxe8 26. Nxe8
1-0

[Event "Mercredi 2014.09.03 ABCDE"]
[Site "Montreal CAN"]
[Date "2014.09.16"]
[Round "5"]
[White "Millette, Sylvain"]
[Black "Gauthier, Luc"]
[Result "1/2-1/2"]
[WhiteElo "1727"]
[BlackElo "1762"]
[PlyCount "59"]
[EventDate "2014.09.03"]
[EventType "tourn"]
[EventRounds "5"]
[EventCountry "CAN"]

1. Nf3 f5 2. e4 e5 3. d4 d6 4. dxe5 fxe4 5. Ng5 Nh6 6. exd6 Bxd6 7. Nxe4 Qe7 8.
Bxh6 Qxe4+ 9. Be3 O-O 10. Qd3 Qb4+ 11. Qc3 Qe4 12. Qc4+ Qe6 13. Bd3 Nc6 14.
Qxe6+ Bxe6 15. c3 Ne5 16. Be2 Nc4 17. Bxc4 Bxc4 18. Nd2 Bd3 19. O-O-O a5 20.
Nf3 Be2 21. Rd5 Rxf3 22. Rxd6 cxd6 23. gxf3 Bxf3 24. Re1 Re8 25. Kd2 Re4 26.
Bb6 Rxe1 27. Kxe1 a4 28. b3 axb3 29. axb3 Kf7 30. Kd2 1/2-1/2

[Event "Mercredi 2014.09.03 ABCDE"]
[Site "Montreal CAN"]
[Date "2014.10.29"]
[Round "5"]
[White "Nardone, Raul"]
[Black "Morin, Louis"]
[Result "0-1"]
[WhiteElo "1842"]
[BlackElo "1858"]
[PlyCount "108"]
[EventDate "2014.09.03"]
[EventType "tourn"]
[EventRounds "5"]
[EventCountry "CAN"]

1. d4 d6 2. e4 Nf6 3. Nc3 Nbd7 4. Nf3 e5 5. Be3 Be7 6. h3 c6 7. Qd2 O-O 8. Bd3
Qc7 9. O-O b5 10. Ne2 Bb7 11. Ng3 Rfe8 12. c4 exd4 13. Nxd4 a6 14. Rac1 bxc4
15. Bxc4 c5 16. Bd3 Bf8 17. f3 Ne5 18. Bb1 d5 19. Bg5 Nc4 20. Rxc4 dxc4 21.
Ndf5 Nd7 22. f4 f6 23. Bh4 g6 24. Ne3 Rad8 25. Qc3 Qd6 26. Rd1 Qxf4 27. Qxc4+
Kh8 28. Ng4 Bg7 29. Ne2 Qc7 30. Rf1 Ne5 31. Nxe5 Qxe5 32. Bg3 Qe7 33. Nc3 Rd4
34. Qb3 Rb4 35. Qa3 Rd8 36. Nd5 Bxd5 37. exd5 Rxd5 38. Qxa6 Rbd4 39. Qa8+ Qd8
40. Qa3 Rd1 41. Bc2 Rxf1+ 42. Kxf1 f5 43. Bb3 Rd7 44. Kg1 h6 45. Qa6 Kh7 46.
Qe2 Qe7 47. Qc4 Rd8 48. a4 Qe3+ 49. Bf2 Qd3 50. Qf7 Qd7 51. Qc4 Bd4 52. Qa6
Bxf2+ 53. Kxf2 Qd4+ 54. Ke1 Qd2+ 0-1

[Event "Mercredi 2014.09.03 ABCDE"]
[Site "Montreal CAN"]
[Date "2014.10.01"]
[Round "5"]
[White "Nunez, Omar"]
[Black "Vignalou, Joseph"]
[Result "1-0"]
[WhiteElo "1923"]
[BlackElo "1978"]
[PlyCount "55"]
[EventDate "2014.09.03"]
[EventType "tourn"]
[EventRounds "5"]
[EventCountry "CAN"]

1. f4 e5 2. fxe5 d6 3. Nf3 Nc6 4. d4 dxe5 5. d5 Nd4 6. Nxd4 Qh4+ 7. g3 Qxd4 8.
Qxd4 exd4 9. Bf4 Bf5 10. Nd2 O-O-O 11. Bg2 Ne7 12. O-O Bg6 13. d6 cxd6 14. c3
Nc6 15. Bxc6 bxc6 16. cxd4 Be7 17. Rac1 Kb7 18. Nc4 Be4 19. Rc3 Bf6 20. Nxd6+
Rxd6 21. Bxd6 Bxd4+ 22. e3 Bxc3 23. Rxf7+ Kb6 24. bxc3 Bd5 25. Rxg7 Re8 26.
Bc7+ Ka6 27. Kf2 Re4 28. Bb8 1-0

[Event "Mercredi 2014.09.03 ABCDE"]
[Site "Montreal CAN"]
[Date "2014.10.01"]
[Round "5"]
[White "Salazar, Andres"]
[Black "O'Connor, Michael"]
[Result "1-0"]
[WhiteElo "1747"]
[BlackElo "1762"]
[PlyCount "57"]
[EventDate "2014.09.03"]
[EventType "tourn"]
[EventRounds "5"]
[EventCountry "CAN"]

1. e4 c5 2. Nf3 Nc6 3. d4 cxd4 4. Nxd4 Nf6 5. Nc3 e5 6. Ndb5 d6 7. Bg5 a6 8.
Bxf6 gxf6 9. Na3 b5 10. Nd5 Bg7 11. Be2 O-O 12. c3 Be6 13. Bg4 Ne7 14. Nc2 Bxd5
15. exd5 f5 16. Bh3 f4 17. g3 fxg3 18. hxg3 f5 19. g4 f4 20. g5 Nf5 21. Qh5 Qe8
22. Qf3 a5 23. O-O-O b4 24. Ne3 Nxe3 25. Be6+ Kh8 26. Rxh7+ Kxh7 27. Rh1+ Bh6
28. Rxh6+ Kg7 29. Rh7+ 1-0

[Event "Mercredi 2014.09.03 ABCDE"]
[Site "Montreal CAN"]
[Date "2014.10.01"]
[Round "5"]
[White "Tremblay, Alain"]
[Black "Cardin, Guillaume"]
[Result "0-1"]
[WhiteElo "2149"]
[BlackElo "2011"]
[PlyCount "92"]
[EventDate "2014.09.03"]
[EventType "tourn"]
[EventRounds "5"]
[EventCountry "CAN"]

1. Nf3 f5 2. c4 Nf6 3. g3 e6 4. Bg2 d5 5. d4 c6 6. Qc2 Bd6 7. O-O O-O 8. b3 Qe7
9. Bb2 b6 10. Nbd2 Ne4 11. Ne5 Bb7 12. Ndf3 a5 13. Nd3 Na6 14. a3 Rac8 15. Nfe5
c5 16. dxc5 Naxc5 17. f3 Nxb3 18. Qxb3 Nd2 19. Qa4 Nxf1 20. Bxf1 Bxe5 21. Nxe5
dxc4 22. Bd4 Qc7 23. Qb5 Bd5 24. Rc1 f4 25. Qd7 fxg3 26. hxg3 b5 27. Bh3 Qxd7
28. Nxd7 Rfe8 29. e4 Bxe4 30. Re1 Bd5 31. Nb6 Rcd8 32. Kf2 b4 33. axb4 axb4 34.
Bc5 b3 35. Bd4 Bxf3 36. Bc3 Bd5 37. Re5 Kf7 38. Ke3 Rb8 39. Na4 Ra8 40. Nb6 Ra2
41. Bf1 Rc8 42. Kd4 Ra1 43. Re3 g6 44. Bxc4 Bxc4 45. Nxc4 Rd1+ 46. Rd3 Rd8+ 0-1

[Event "Mercredi 2014.10.15 ABCDE"]
[Site "Montreal CAN"]
[Date "2014.10.15"]
[Round "1"]
[White "Boudreau, Daniel"]
[Black "Lebeau, Gilbert"]
[Result "1/2-1/2"]
[WhiteElo "2110"]
[BlackElo "1980"]
[PlyCount "57"]
[EventDate "2014.10.15"]
[EventType "tourn"]
[EventRounds "5"]
[EventCountry "CAN"]

1. e4 e6 2. d4 d5 3. Nd2 c5 4. c3 cxd4 5. cxd4 dxe4 6. Nxe4 Nf6 7. Nxf6+ Qxf6
8. Nf3 Bb4+ 9. Bd2 Bxd2+ 10. Qxd2 O-O 11. Bd3 Nc6 12. Be4 Rd8 13. Bxc6 bxc6 14.
Qc3 Ba6 15. Qxc6 Bd3 16. Rc1 Qf4 17. g3 Qh6 18. Ne5 Be4 19. Nxf7 Kxf7 20. Qc7+
Kg8 21. O-O Rxd4 22. Qe5 Qh3 23. f3 Rd2 24. Rf2 Rxf2 25. Kxf2 Qxh2+ 26. Ke3 Bd5
27. Rc7 Qh6+ 28. f4 Bxa2 29. Rxa7 1/2-1/2

[Event "Mercredi 2014.10.15 ABCDE"]
[Site "Montreal CAN"]
[Date "2014.10.15"]
[Round "1"]
[White "Brassard, Sylvain"]
[Black "Blanchet, Robert"]
[Result "0-1"]
[WhiteElo "1773"]
[BlackElo "1755"]
[PlyCount "84"]
[EventDate "2014.10.15"]
[EventType "tourn"]
[EventRounds "5"]
[EventCountry "CAN"]

1. d4 Nf6 2. Bg5 Ne4 3. Bf4 d6 4. f3 Nf6 5. e4 c6 6. c4 Qc7 7. Nc3 Nbd7 8. Qd2
e5 9. Be3 Be7 10. g3 a6 11. Bh3 c5 12. Bxd7+ Bxd7 13. d5 b5 14. b3 bxc4 15.
bxc4 Rb8 16. Nge2 Rb4 17. Qd3 O-O 18. O-O Rfb8 19. Rfb1 Qa5 20. Bd2 Rb2 21.
Rxb2 Rxb2 22. Rb1 Qb6 23. Rxb2 Qxb2 24. Bc1 Qb4 25. a3 Qb3 26. Qb1 Qxb1 27.
Nxb1 Ba4 28. Kf2 Nd7 29. Nec3 Bc2 30. Ke3 Bg5+ 31. f4 exf4+ 32. gxf4 Bh6 33.
Nd2 g5 34. Nf3 gxf4+ 35. Kf2 f5 36. exf5 Bxf5 37. Ne2 Ne5 38. Nd2 Bd3 39. Nc3
Kf7 40. Nce4 Ke7 41. h3 Bxe4 42. Nxe4 Nd3+ 0-1

[Event "Mercredi 2014.10.15 ABCDE"]
[Site "Montreal CAN"]
[Date "2014.10.15"]
[Round "1"]
[White "Cloutier, Mathieu"]
[Black "Jacquet, Stephane"]
[Result "0-1"]
[WhiteElo "2039"]
[BlackElo "2030"]
[PlyCount "44"]
[EventDate "2014.10.15"]
[EventType "tourn"]
[EventRounds "5"]
[EventCountry "CAN"]

1. e4 d6 2. d4 Nf6 3. f3 g6 4. Be3 Bg7 5. Nc3 c6 6. Qd2 Nbd7 7. Bh6 O-O 8. h4
e5 9. Bxg7 Kxg7 10. dxe5 dxe5 11. O-O-O h5 12. g3 Qa5 13. f4 Nc5 14. f5 b5 15.
fxg6 fxg6 16. Qd6 b4 17. Bc4 Bg4 18. Rf1 bxc3 19. Qc7+ Kh6 20. Rxf6 cxb2+ 21.
Kb1 Qe1+ 22. Kxb2 Qb4+ 0-1

[Event "Mercredi 2014.10.15 ABCDE"]
[Site "Montreal CAN"]
[Date "2014.10.15"]
[Round "1"]
[White "Dumouchel, Alain"]
[Black "Lalonde, Paul"]
[Result "1-0"]
[WhiteElo "1896"]
[BlackElo "1819"]
[PlyCount "73"]
[EventDate "2014.10.15"]
[EventType "tourn"]
[EventRounds "5"]
[EventCountry "CAN"]

1. e4 e5 2. f4 d5 3. exd5 e4 4. d3 exd3 5. Bxd3 Nf6 6. c4 Be7 7. Nf3 O-O 8. O-O
Bc5+ 9. Kh1 Ng4 10. Nc3 f5 11. Qe2 Na6 12. a3 Ne3 13. Bxe3 Bxe3 14. Ne5 Nc5 15.
b4 Nd7 16. Bxf5 Nxe5 17. Bxh7+ Kxh7 18. fxe5 Bg4 19. Rxf8 Qxf8 20. Qxg4 Qf2 21.
Ne4 Qb2 22. Qf5+ Kg8 23. Rf1 Qe2 24. Qf7+ Kh8 25. d6 cxd6 26. Nxd6 Bd4 27. Qf5
Kg8 28. e6 Bf6 29. c5 Rf8 30. h4 Be7 31. Nf7 Qc4 32. Rf4 Qc1+ 33. Kh2 Qe3 34.
h5 Bf6 35. h6 Rxf7 36. exf7+ Kxf7 37. hxg7 1-0

[Event "Mercredi 2014.10.15 ABCDE"]
[Site "Montreal CAN"]
[Date "2014.10.15"]
[Round "1"]
[White "Forget, Luc"]
[Black "Pomerantz, Daniel"]
[Result "0-1"]
[WhiteElo "1962"]
[BlackElo "1930"]
[PlyCount "106"]
[EventDate "2014.10.15"]
[EventType "tourn"]
[EventRounds "5"]
[EventCountry "CAN"]

1. d4 Nf6 2. c4 e6 3. Nc3 Bb4 4. e3 O-O 5. Nge2 d5 6. a3 Be7 7. Ng3 c5 8. Bd3
dxc4 9. Bxc4 Nc6 10. d5 exd5 11. Nxd5 Nxd5 12. Qxd5 Qb6 13. O-O Be6 14. Qe4
Bxc4 15. Qxc4 Na5 16. Qc2 Qb3 17. Qxb3 Nxb3 18. Rb1 Rad8 19. e4 c4 20. Be3 Bc5
21. Bxc5 Nxc5 22. Rbc1 b5 23. Rc2 a6 24. f3 Rd7 25. Nf5 Rfd8 26. Ne3 Rd2 27.
Rxd2 Rxd2 28. Rd1 Rd3 29. Kf2 Kf8 30. Ke2 Rb3 31. Rd2 Nd3 32. Nd1 Ke7 33. g3
Ke6 34. f4 h5 35. Rc2 h4 36. Rc3 hxg3 37. hxg3 Rxc3 38. bxc3 Kd6 39. Ne3 g6 40.
a4 Kc5 41. axb5 Kxb5 42. Kd2 Nc5 43. g4 Nxe4+ 44. Kc2 Kc5 45. g5 a5 46. Kb2 a4
47. Ng4 Nd6 48. Ka3 Kd5 49. Kxa4 Ke4 50. Kb4 Kxf4 51. Nh6 Kxg5 52. Ng8 Kf5 53.
Kc5 Ke6 0-1

[Event "Mercredi 2014.10.15 ABCDE"]
[Site "Montreal CAN"]
[Date "2014.10.15"]
[Round "1"]
[White "Fortin-Lavoie, Patrice"]
[Black "Millette, Sylvain"]
[Result "0-1"]
[WhiteElo "1816"]
[BlackElo "1755"]
[PlyCount "68"]
[EventDate "2014.10.15"]
[EventType "tourn"]
[EventRounds "5"]
[EventCountry "CAN"]

1. d4 Nf6 2. c4 g6 3. Nc3 d5 4. cxd5 Nxd5 5. e4 Nxc3 6. bxc3 c5 7. Be3 Bg7 8.
Bb5+ Bd7 9. Bc4 O-O 10. Ne2 cxd4 11. cxd4 Nc6 12. O-O Na5 13. Rc1 Nxc4 14. Rxc4
Qa5 15. Nc3 Rac8 16. Rxc8 Rxc8 17. Nd5 Qa3 18. Qb1 b6 19. e5 Be6 20. Bc1 Rxc1
21. Rxc1 Bxd5 22. Rc8+ Bf8 23. h3 Qxa2 24. Qb5 Bb7 25. Rd8 Qa3 26. Qc4 e6 27.
Qc7 Bd5 28. Rd7 Qa1+ 29. Kh2 Qxd4 30. Rxf7 Qc5 31. Qxa7 Bc6 32. Rf6 Qxe5+ 33.
g3 Qxf6 34. Qxb6 Qf3 0-1

[Event "Mercredi 2014.10.15 ABCDE"]
[Site "Montreal CAN"]
[Date "2014.10.15"]
[Round "1"]
[White "Gauthier, Luc"]
[Black "Struben, Jeroen"]
[Result "1/2-1/2"]
[WhiteElo "1757"]
[BlackElo "1748"]
[PlyCount "95"]
[EventDate "2014.10.15"]
[EventType "tourn"]
[EventRounds "5"]
[EventCountry "CAN"]

1. e4 d6 2. d4 Nf6 3. Nc3 g6 4. Be3 c6 5. f3 b5 6. Qd2 Nbd7 7. Nge2 Nb6 8. Nc1
Bg7 9. Bh6 Bxh6 10. Qxh6 Be6 11. Bd3 Nc4 12. Bxc4 Bxc4 13. N3e2 Qb6 14. c3 b4
15. Qd2 a5 16. Nd3 e5 17. dxe5 dxe5 18. Nxe5 Bxe2 19. Qxe2 Qc5 20. Nd3 Qb5 21.
Rc1 Rd8 22. c4 Qg5 23. O-O O-O 24. Rcd1 Nh5 25. f4 Qe7 26. Qf3 Rd4 27. Ne5 Rxd1
28. Rxd1 Qc5+ 29. Kh1 Re8 30. Nd7 Qxc4 31. g4 Ng7 32. Nf6+ Kf8 33. Nxe8 Nxe8
34. b3 Qe6 35. f5 Qe5 36. fxg6 hxg6 37. Rf1 Nd6 38. Re1 Kg8 39. Qe3 Nb5 40. Qb6
Qf4 41. Qd8+ Kg7 42. Qd1 Nc3 43. Qd4+ Kh7 44. Qc4 Qf3+ 45. Kg1 Qxg4+ 46. Kh1
Qf3+ 47. Kg1 Qg4+ 48. Kh1 1/2-1/2

[Event "Mercredi 2014.10.15 ABCDE"]
[Site "Montreal CAN"]
[Date "2014.10.15"]
[Round "1"]
[White "Heredia, Jose"]
[Black "Baran, Marius"]
[Result "1-0"]
[WhiteElo "1897"]
[BlackElo "1817"]
[PlyCount "117"]
[EventDate "2014.10.15"]
[EventType "tourn"]
[EventRounds "5"]
[EventCountry "CAN"]

1. e4 c5 2. Nf3 d6 3. d4 cxd4 4. Nxd4 Nf6 5. Nc3 g6 6. Be3 Bg7 7. f3 O-O 8. Qd2
Nc6 9. Bc4 Nd7 10. h4 Nde5 11. Bd5 Bd7 12. h5 e6 13. Bxc6 bxc6 14. b3 d5 15.
Bh6 Bxh6 16. Qxh6 g5 17. f4 Ng4 18. Qxg5+ Qxg5 19. fxg5 f6 20. gxf6 Rxf6 21.
Nf3 Raf8 22. Ke2 c5 23. exd5 exd5 24. Nxd5 Re8+ 25. Kd2 Rd6 26. c4 Bc6 27. Rae1
Red8 28. Kc2 Bxd5 29. cxd5 Rxd5 30. Rh4 Nh6 31. Re5 Rxe5 32. Nxe5 Rd5 33. Re4
Nf5 34. g4 Nd4+ 35. Kc3 Ne6 36. Nc6 Kf7 37. Nxa7 Nd4 38. Kc4 Rd7 39. Nb5 Ne6
40. Nc3 Ke7 41. a4 Rd2 42. a5 Kd7 43. Nd5 Kd6 44. Nb6 Nd4 45. Na4 Rc2+ 46. Kd3
Ra2 47. Nb6 Nxb3 48. Nc4+ Kc6 49. Re6+ Kc7 50. Re7+ Kc6 51. Rxh7 Nxa5 52. Nxa5+
Rxa5 53. Rg7 Ra3+ 54. Kc4 Ra1 55. h6 Rc1+ 56. Kb3 Rh1 57. g5 Kd6 58. h7 Ke6 59.
g6 1-0

[Event "Mercredi 2014.10.15 ABCDE"]
[Site "Montreal CAN"]
[Date "2014.11.11"]
[Round "1"]
[White "Lamoureux, Yvon"]
[Black "Gates, Claude-Eric"]
[Result "0-1"]
[WhiteElo "1680"]
[BlackElo "1666"]
[PlyCount "96"]
[EventDate "2014.10.15"]
[EventType "tourn"]
[EventRounds "5"]
[EventCountry "CAN"]

1. d4 Nf6 2. c4 e6 3. Nf3 Bb4+ 4. Bd2 Qe7 5. a3 Bxd2+ 6. Nbxd2 d6 7. g3 O-O 8.
Bg2 Nbd7 9. O-O Re8 10. e4 e5 11. d5 a5 12. b4 b6 13. Qc2 Nf8 14. Ne1 Ng6 15.
Nd3 Rf8 16. c5 bxc5 17. bxc5 Nh5 18. Rfc1 f5 19. cxd6 cxd6 20. Qc7 Qg5 21. Nf1
fxe4 22. Bxe4 Nf6 23. Bxg6 Qxg6 24. Rd1 Bf5 25. Ne1 Ne4 26. Ra2 Rfc8 27. Qb7
Rab8 28. Qa7 Nc3 29. Rad2 Nxd1 30. Rxd1 Rf8 31. Qxa5 Rb2 32. Rd2 Rb1 33. Ra2 h5
34. Qd2 h4 35. a4 Be4 36. Ra3 Qf7 37. a5 Bxd5 38. Rd3 Bc4 39. Rxd6 Ra1 40. Rc6
Ra2 41. Nc2 hxg3 42. hxg3 Bd5 43. Rc5 Be4 44. Qe2 Bd3 45. Qxd3 Qxf2+ 46. Kh1
Qxc5 47. Qb3+ Kh8 48. Qxa2 Rxf1+ 0-1

[Event "Mercredi 2014.10.15 ABCDE"]
[Site "Montreal CAN"]
[Date "2014.10.15"]
[Round "1"]
[White "Lopez Linares, Lizandro"]
[Black "Cardin, Guillaume"]
[Result "0-1"]
[WhiteElo "2104"]
[BlackElo "2027"]
[PlyCount "100"]
[EventDate "2014.10.15"]
[EventType "tourn"]
[EventRounds "5"]
[EventCountry "CAN"]

1. d4 f5 2. Nf3 Nf6 3. g3 e6 4. Bg2 d5 5. O-O Bd6 6. c4 c6 7. Nc3 O-O 8. Bf4
Bxf4 9. gxf4 Qe7 10. Qb3 b6 11. Ne5 Bb7 12. Rac1 Nbd7 13. e3 Nxe5 14. dxe5 Nd7
15. cxd5 exd5 16. Rfd1 Nc5 17. Qa3 g5 18. Na4 gxf4 19. exf4 Qh4 20. Nxc5 bxc5
21. Qg3+ Qxg3 22. fxg3 c4 23. b3 Ba6 24. Kf2 Rab8 25. Rd2 Rb6 26. bxc4 Bxc4 27.
Ke3 Rb4 28. Kd4 Kf7 29. Kc5 Rb6 30. Bh3 Ke7 31. a4 h5 32. Bg2 h4 33. Rc3 Rg8
34. Bh3 Ke6 35. Rd1 Rb2 36. gxh4 Rxh2 37. Kxc6 Rc8+ 38. Kb7 Ba6+ 39. Kxa6 Rxc3
40. Bf1 Rxh4 41. Bg2 Rc5 42. Kxa7 Rxf4 43. Kb6 Rfc4 44. a5 Rc1 45. Rd3 Kxe5 46.
a6 Rc6+ 47. Kb7 Rd6 48. Ra3 Rg1 49. Bh3 Rg7+ 50. Kc8 Rf6 0-1

[Event "Mercredi 2014.10.15 ABCDE"]
[Site "Montreal CAN"]
[Date "2014.10.15"]
[Round "1"]
[White "Morin, Louis"]
[Black "Gunapalan, David"]
[Result "1-0"]
[WhiteElo "1977"]
[BlackElo "1900"]
[PlyCount "139"]
[EventDate "2014.10.15"]
[EventType "tourn"]
[EventRounds "5"]
[EventCountry "CAN"]

1. e4 e5 2. Nf3 Nc6 3. Bc4 Nf6 4. Ng5 d5 5. exd5 b5 6. Bf1 Nd4 7. c3 Nf5 8.
Bxb5+ Bd7 9. Qe2 Bd6 10. O-O O-O 11. Bxd7 Qxd7 12. Ne4 Nxd5 13. d3 Nh4 14. Nxd6
Qxd6 15. g3 Ng6 16. Na3 f5 17. Nc4 Qe6 18. f4 e4 19. d4 Rab8 20. Be3 Rb7 21.
Rfc1 Nge7 22. b4 Qa6 23. Rc2 Rf6 24. Kf2 Rc6 25. Na5 Nxe3 26. Kxe3 Nd5+ 27. Kf2
Qxe2+ 28. Kxe2 Rh6 29. Rh1 Rbb6 30. a3 Rbg6 31. c4 Nb6 32. Rc3 Rh3 33. Kf2 Kf7
34. Kg2 Rhh6 35. d5 Ke8 36. Rd1 Nc8 37. c5 Ne7 38. b5 Kd7 39. a4 Nc8 40. Nc4
Ke7 41. a5 Rf6 42. Ne5 Ke8 43. Nc6 Kd7 44. Rb3 Rf8 45. Nxa7 Nxa7 46. b6 Ra8 47.
bxa7 Rxa7 48. Rb5 Rha6 49. Ra1 c6 50. Rb6 cxd5 51. Rd1 Rxb6 52. Rxd5+ Kc6 53.
cxb6 Rf7 54. Re5 g6 55. Kf2 Kb7 56. Ke3 Rd7 57. g4 fxg4 58. Kxe4 Ka6 59. f5 Rf7
60. fxg6 hxg6 61. Rc5 Kb7 62. Rc7+ Rxc7 63. bxc7 Kxc7 64. Kf4 Kb7 65. Kxg4 Ka6
66. Kg5 Kxa5 67. Kxg6 Kb6 68. h4 Kc7 69. h5 Kd7 70. h6 1-0

[Event "Mercredi 2014.10.15 ABCDE"]
[Site "Montreal CAN"]
[Date "2014.10.15"]
[Round "1"]
[White "Nunez, Omar"]
[Black "Destree, Frederic"]
[Result "1-0"]
[WhiteElo "1975"]
[BlackElo "1903"]
[PlyCount "97"]
[EventDate "2014.10.15"]
[EventType "tourn"]
[EventRounds "5"]
[EventCountry "CAN"]

1. f4 Nf6 2. Nf3 c5 3. b3 g6 4. Bb2 Bg7 5. g3 Nc6 6. Bg2 O-O 7. O-O d5 8. Ne5
Qc7 9. Nxc6 bxc6 10. Be5 Qb6 11. c4 d4 12. e4 dxe3 13. dxe3 Bf5 14. Nc3 Rad8
15. Qf3 Rd3 16. Qxc6 Ng4 17. Nd5 Nxe5 18. fxe5 Qxc6 19. Nxe7+ Kh8 20. Nxc6 Rxe3
21. Rae1 Rxe1 22. Rxe1 Re8 23. Bd5 Kg8 24. Kf2 a6 25. b4 cxb4 26. Nxb4 Rb8 27.
Nc6 Rb2+ 28. Re2 Rxe2+ 29. Kxe2 Bd7 30. Nb8 Bc8 31. Nc6 Bd7 32. Ke3 Bxc6 33.
Bxc6 Bxe5 34. Ke4 Bc7 35. Kd5 Kf8 36. Bb7 a5 37. Kc6 Bd8 38. Kd7 Bb6 39. Kd6
Ke8 40. c5 Bd8 41. Bc6+ Kf8 42. a4 f5 43. Bd7 Kf7 44. Be6+ Ke8 45. c6 Be7+ 46.
Kc7 Bd8+ 47. Kc8 Ke7 48. Bg8 Bb6 49. Kb7 1-0

[Event "Mercredi 2014.10.15 ABCDE"]
[Site "Montreal CAN"]
[Date "2014.10.22"]
[Round "2"]
[White "Baran, Marius"]
[Black "Langlois-Remillard, Alexis"]
[Result "0-1"]
[WhiteElo "1817"]
[BlackElo "1828"]
[PlyCount "51"]
[EventDate "2014.10.15"]
[EventType "tourn"]
[EventRounds "5"]
[EventCountry "CAN"]

1. e4 Nc6 2. Nf3 f5 3. exf5 d5 4. d4 Bxf5 5. Bb5 e6 6. Ne5 Nge7 7. O-O a6 8.
Nxc6 Nxc6 9. Bxc6+ bxc6 10. c4 c5 11. cxd5 Qxd5 12. Be3 Rd8 13. Nc3 Qc4 14. d5
c6 15. Bg5 Be7 16. Bxe7 Kxe7 17. Rc1 cxd5 18. Na4 Qxa2 19. Nxc5 Qxb2 20. Qa4
Qb5 21. Qd4 Kf7 22. Qe5 Rc8 23. Qe3 Rc6 24. Rc3 Rhc8 25. Rfc1 Qb4 26. Rb3 0-1

[Event "Mercredi 2014.10.15 ABCDE"]
[Site "Montreal CAN"]
[Date "2014.10.22"]
[Round "2"]
[White "Boudreau, Daniel"]
[Black "Lopez Linares, Lizandro"]
[Result "0-1"]
[WhiteElo "2110"]
[BlackElo "2104"]
[PlyCount "88"]
[EventDate "2014.10.15"]
[EventType "tourn"]
[EventRounds "5"]
[EventCountry "CAN"]

1. e4 e6 2. d4 d5 3. Nd2 Nf6 4. Bd3 c5 5. c3 Nc6 6. Ngf3 cxd4 7. cxd4 dxe4 8.
Nxe4 Be7 9. O-O O-O 10. Be3 Nb4 11. Nxf6+ Bxf6 12. Be4 Qd6 13. Ng5 Bxg5 14.
Bxg5 f5 15. Bf3 h6 16. Be3 Nd5 17. Qb3 Bd7 18. Bxd5 exd5 19. Bd2 a5 20. Rfe1
Bc6 21. Re5 f4 22. Qf3 Qf6 23. Rae1 Rf7 24. Bc3 Kh7 25. h3 a4 26. a3 Qg6 27. h4
Rd8 28. h5 Qc2 29. g4 Kg8 30. g5 hxg5 31. Rxg5 Rd6 32. Qg4 Bd7 33. Qh4 Kh7 34.
Rge5 Qd3 35. Bb4 Rdf6 36. Be7 Rb6 37. Rxd5 Bc6 38. Rg5 Qd2 39. Rge5 Rb3 40.
R5e2 Qxd4 41. h6 Rg3+ 42. Kh2 Rg2+ 43. Kh3 Qd3+ 44. Re3 Qf5+ 0-1

[Event "Mercredi 2014.10.15 ABCDE"]
[Site "Montreal CAN"]
[Date "2014.10.22"]
[Round "2"]
[White "Cardin, Guillaume"]
[Black "Cloutier, Mathieu"]
[Result "0-1"]
[WhiteElo "2027"]
[BlackElo "2039"]
[PlyCount "52"]
[EventDate "2014.10.15"]
[EventType "tourn"]
[EventRounds "5"]
[EventCountry "CAN"]

1. d4 Nf6 2. c4 c5 3. d5 e6 4. Nc3 exd5 5. cxd5 d6 6. Nf3 g6 7. g3 Bg7 8. Bg2
O-O 9. O-O a6 10. a4 Re8 11. Bf4 Nh5 12. Bg5 Qc7 13. Qd2 Nd7 14. Rfc1 Ne5 15.
Nxe5 Bxe5 16. Rab1 Bf5 17. e4 Bxc3 18. Qxc3 Bxe4 19. Bxe4 Rxe4 20. Bh6 f5 21.
b4 c4 22. f3 Re2 23. Qxc4 Qb6+ 24. Kh1 Rxh2+ 25. Kxh2 Qf2+ 26. Kh1 Nxg3# 0-1

[Event "Mercredi 2014.10.15 ABCDE"]
[Site "Montreal CAN"]
[Date "2014.10.22"]
[Round "2"]
[White "Destree, Frederic"]
[Black "Forget, Luc"]
[Result "0-1"]
[WhiteElo "1903"]
[BlackElo "1962"]
[PlyCount "108"]
[EventDate "2014.10.15"]
[EventType "tourn"]
[EventRounds "5"]
[EventCountry "CAN"]

1. Nf3 Nf6 2. g3 d5 3. Bg2 c6 4. O-O Bg4 5. d3 Nbd7 6. Nbd2 e6 7. Re1 Be7 8. h3
Bh5 9. b3 O-O 10. Bb2 Qc7 11. c4 a5 12. e4 dxe4 13. Nxe4 Nxe4 14. dxe4 a4 15.
Qc2 axb3 16. axb3 Bg6 17. Qc3 Bf6 18. e5 Be7 19. b4 Nb6 20. Qb3 Rxa1 21. Bxa1
Rd8 22. Nd4 Qb8 23. Bxc6 Rxd4 24. Bxd4 bxc6 25. Ra1 h6 26. Ra6 Nd7 27. Qa4 Qxb4
28. Qxc6 Qe1+ 29. Kh2 Be4 30. Qc8+ Kh7 31. Ra1 Qd2 32. Qxd7 Bc5 33. Qxf7 Bxd4
34. Rf1 Bf5 35. Qb7 Qe2 36. Qg2 Bd3 37. Rc1 Bb2 38. Rg1 Bxc4 39. f4 Bd4 40.
Qxe2 Bxe2 41. Rg2 Bf3 42. Rd2 Bc5 43. Rc2 Bf8 44. Kg1 h5 45. Kf2 Bd5 46. g4 Kg6
47. Rd2 Bc5+ 48. Kg3 Be3 49. Rd3 h4+ 50. Kxh4 Bf2+ 51. Rg3 Bf3 52. f5+ exf5 53.
gxf5+ Kxf5 54. e6 Kf4 0-1

[Event "Mercredi 2014.10.15 ABCDE"]
[Site "Montreal CAN"]
[Date "2014.10.22"]
[Round "2"]
[White "Fortin-Lavoie, Patrice"]
[Black "Brassard, Sylvain"]
[Result "0-1"]
[WhiteElo "1816"]
[BlackElo "1773"]
[PlyCount "43"]
[EventDate "2014.10.15"]
[EventType "tourn"]
[EventRounds "5"]
[EventCountry "CAN"]

1. d4 Nf6 2. c4 d6 3. Nf3 g6 4. e3 Bg7 5. Be2 O-O 6. O-O Bg4 7. Nc3 Nbd7 8. h3
Bxf3 9. Bxf3 c6 10. b4 e5 11. b5 Qc7 12. bxc6 bxc6 13. Qd3 Rac8 14. Rb1 Rfd8
15. Ba3 Bf8 16. Rfc1 Qa5 17. Bb4 Qa6 18. Qe2 c5 19. dxc5 dxc5 20. Ba5 Qxa5 21.
Rb5 Qa3 22. Rb3 0-1

[Event "Mercredi 2014.10.15 ABCDE"]
[Site "Montreal CAN"]
[Date "2014.11.05"]
[Round "2"]
[White "Gunapalan, David"]
[Black "Pomerantz, Daniel"]
[Result "1-0"]
[WhiteElo "1900"]
[BlackElo "1930"]
[PlyCount "67"]
[EventDate "2014.10.15"]
[EventType "tourn"]
[EventRounds "5"]
[EventCountry "CAN"]

1. e4 c5 2. Nc3 Nc6 3. Bb5 g6 4. Bxc6 dxc6 5. f4 Bg7 6. Nf3 Nf6 7. d3 Nd7 8.
O-O O-O 9. Qe1 e5 10. f5 Nb6 11. g4 c4 12. dxc4 Nxc4 13. b3 Nd6 14. Ba3 Qb6+
15. Kh1 Rd8 16. Qh4 f6 17. g5 fxg5 18. Nxg5 h6 19. fxg6 Qe3 20. Nf7 Bh3 21.
Nxd8 Bxf1 22. Rxf1 Qxc3 23. Bxd6 Qxc2 24. Nf7 Qe2 25. Rf2 Qe3 26. Bb4 h5 27.
Bd2 Qd4 28. Ng5 Re8 29. Kg2 Rf8 30. Rxf8+ Bxf8 31. Qf2 Qxf2+ 32. Kxf2 Bh6 33.
Kg3 c5 34. Kh4 1-0

[Event "Mercredi 2014.10.15 ABCDE"]
[Site "Montreal CAN"]
[Date "2014.10.22"]
[Round "2"]
[White "Heredia, Jose"]
[Black "Dumouchel, Alain"]
[Result "0-1"]
[WhiteElo "1897"]
[BlackElo "1896"]
[PlyCount "72"]
[EventDate "2014.10.15"]
[EventType "tourn"]
[EventRounds "5"]
[EventCountry "CAN"]

1. c4 Nf6 2. g3 g6 3. Bg2 Bg7 4. Nc3 O-O 5. Rb1 c6 6. d4 d5 7. cxd5 cxd5 8. Bd2
Nc6 9. Bg5 Bf5 10. Rc1 Ne4 11. Nxe4 dxe4 12. d5 Nb4 13. Qd2 h6 14. Qxb4 hxg5
15. Bxe4 Bxe4 16. Qxe4 Bxb2 17. Rd1 Qa5+ 18. Kf1 Qxa2 19. Nf3 Bf6 20. h4 gxh4
21. Nxh4 Kg7 22. Qg4 Bxh4 23. Rxh4 Rad8 24. Qd4+ f6 25. Qe4 e5 26. Qb4 Rf7 27.
Rc4 a5 28. Qb5 Rd6 29. Rdc1 Qd2 30. e4 f5 31. Rc7 Rdf6 32. R7c2 Qd4 33. Rc7
fxe4 34. Rxf7+ Rxf7 35. Qc5 Rxf2+ 36. Ke1 Qd2# 0-1